Batman By Picture - Statistics

General Stats
  • This quiz has been taken 144 times
  • The average score is 12 of 21
Answer Stats
Picture Answer % Correct
Batgirl
93%
Joker
93%
Lego Batman
91%
Robin
91%
Catwoman
88%
George Clooney
83%
Robert Pattinson
80%
Batmobile
73%
Ben Afflek
68%
Anne Hathaway
63%
Wayne Manor
63%
Bat-Mite
56%
Tom Hardy
56%
Batman (Christian Bale)
44%
Bat-Cycle
39%
Alicia Silverstone
32%
Batman (Action Figure)
32%
Batman (Funko Pop)
30%
Batman (Duplo)
22%
Batman (Corona Virus)
20%
Batman (Ben Afflek)
11%
No matching quizzes found
Score Distribution
Percent of People with Each Score
Percentile by Number Answered
Your Score History
You have not taken this quiz